Dynamic manufacturing: a comparison of attitudes in the U.S.A. and Japan.
Dynamický model výroby sa zakladá na učení a rozvíjaní schopností v snahe o dokonalosť. Tvrdí sa, že je základom úspechu japonskej výroby. Naopak sa údajne americká stratégia výroby zakladá na štatistických krátkodobých rozhodnutiach s minimalizáciou nákladov. Empirické zhodnotenie týchto predpoklad...
Salvato in:
| Autore principale: | |
|---|---|
| Altri autori: | |
| Natura: | Capitolo di libro |
| Lingua: | inglese |
| Soggetti: | |
| Tags: |
Nessun Tag, puoi essere il primo ad aggiungerne!!
|
MARC
| LEADER | 00000naa a2200000 4500 | ||
|---|---|---|---|
| 001 | r001827 | ||
| 005 | 20220819182742.3 | ||
| 041 | 0 | |a eng | |
| 044 | |a DE | ||
| 245 | 1 | 0 | |a Dynamic manufacturing: a comparison of attitudes in the U.S.A. and Japan. |c W.D. Eitsperger, S.J. Daniel |
| 520 | |a Dynamický model výroby sa zakladá na učení a rozvíjaní schopností v snahe o dokonalosť. Tvrdí sa, že je základom úspechu japonskej výroby. Naopak sa údajne americká stratégia výroby zakladá na štatistických krátkodobých rozhodnutiach s minimalizáciou nákladov. Empirické zhodnotenie týchto predpokladov porovnaním postojov vrcholového vedenia v rozhodnutiach o výrobe a snahách o akosť v oboch krajinách. | ||
| 610 | 2 | 0 | |a modely výroby |
| 610 | 2 | 0 | |a modely dynamické |
| 610 | 2 | 0 | |a riadenie kvality |
| 610 | 2 | 0 | |a stratégia podniková |
| 610 | 2 | 0 | |a výroba |
| 610 | 2 | 0 | |a riadenie |
| 610 | 2 | 0 | |a Japonsko |
| 610 | 2 | 0 | |a USA |
| 100 | 1 | |a Eitsperger, W.D. | |
| 700 | 1 | |a Daniel, S.J. | |